Atomno-fuorescentnyj analiz : Fizičeskije osnovy metoda

Gespeichert in:
Bibliographische Detailangaben
1. Verfasser: Zajdeľ, Aleksandr Natanovič (Verfasst von)
Format: Buch
Sprache:Russisch
Veröffentlicht: Moskva : Nauka, 1980
Tags: Tag hinzufügen
Keine Tags, Fügen Sie das erste Tag hinzu!

MARC

LEADER 00000nam a22000003a 4500
001 stu141700
005 20150617225925.8
008 070524s1980------------------------rus-d
040 |a STU  |b slo 
041 0 |a rus 
080 |a 535  |7 stu_us_auth*stu16839 
100 1 |a Zajdeľ, Aleksandr Natanovič  |4 aut 
245 1 |a Atomno-fuorescentnyj analiz :  |b Fizičeskije osnovy metoda 
260 |a Moskva :  |b Nauka,  |c 1980 
300 |a 187 s 
996 |b E46210  |c E*46210  |l EE10  |s P  |a 0  |w stu141700_0001